Sociologie des organisations (notice n° 1925148)

détails MARC
000 -LEADER
fixed length control field 01114cam a2200133 4500500
005 - DATE AND TIME OF LATEST TRANSACTION
control field 20260329023147.0
041 ## - LANGUAGE CODE
Language code of text/sound track or separate title fre
042 ## - AUTHENTICATION CODE
Authentication code dc
100 10 - MAIN ENTRY--PERSONAL NAME
Personal name Lafaye, Claudette
Relator term author
245 00 - TITLE STATEMENT
Title Sociologie des organisations
260 ## - PUBLICATION, DISTRIBUTION, ETC.
Name of publisher, distributor, etc. Armand Colin,<br/>
Date of publication, distribution, etc. 2009.<br/>
520 ## - SUMMARY, ETC.
Summary, etc. Produire des biens et des services, dispenser du savoir ou des soins, participer à la vie démocratique, partager une activité de loisir, etc., la plupart de nos activités quotidiennes se déroulent dans le cadre d'organisations. Comprendre leur fonctionnement, leur degré de rationalisation, les modes de coopération entre leurs membres, les relations qu'elles nouent avec leur environnement, tel est le propos de la sociologie des organisations. Cet ouvrage expose les fondements, les principales orientations et quelques prolongements récents de cette discipline. Il montre que l'analyse des organisations offre des pistes de réflexion pour penser la complexité des mécanismes de coopération humaine.
856 41 - ELECTRONIC LOCATION AND ACCESS
Uniform Resource Identifier <a href="https://shs.cairn.info/sociologie-des-organisations--9782200346843?lang=fr&redirect-ssocas=7080">https://shs.cairn.info/sociologie-des-organisations--9782200346843?lang=fr&redirect-ssocas=7080</a>

Pas d'exemplaire disponible.

PLUDOC

PLUDOC est la plateforme unique et centralisée de gestion des bibliothèques physiques et numériques de Guinée administré par le CEDUST. Elle est la plus grande base de données de ressources documentaires pour les Étudiants, Enseignants chercheurs et Chercheurs de Guinée.

Adresse

627 919 101/664 919 101

25 boulevard du commerce
Kaloum, Conakry, Guinée

Réseaux sociaux

Powered by Netsen Group @ 2025